So long, and thanks for all the fish / (Record no. 478718)

000 -LEADER
fixed length control field 01106cam a22003013a 4500
001 - CONTROL NUMBER
control field 16416950
005 - DATE AND TIME OF LATEST TRANSACTION
control field 20240612120516.0
008 - FIXED-LENGTH DATA ELEMENTS--GENERAL INFORMATION
fixed length control field 990415r19991984nyu 000 1 eng d
010 ## - LIBRARY OF CONGRESS CONTROL NUMBER
LC control number 98096636
020 ## - INTERNATIONAL STANDARD BOOK NUMBER
International Standard Book Number 0345391837 (pbk.) :
Terms of availability $6.99
035 ## - SYSTEM CONTROL NUMBER
System control number (OCoLC)ocm41169823
040 ## - CATALOGING SOURCE
Original cataloging agency DPB
Transcribing agency DPB
Modifying agency DLC
050 00 - LIBRARY OF CONGRESS CALL NUMBER
Classification number CPB Box no. 1467 vol. 3
082 00 - DEWEY DECIMAL CLASSIFICATION NUMBER
Classification number 823.914
Author Mark ADA
100 1# - MAIN ENTRY--PERSONAL NAME
Personal name Adams, Douglas,
Dates associated with a name 1952-2001.
9 (RLIN) 11576
245 10 - TITLE STATEMENT
Title So long, and thanks for all the fish /
Statement of responsibility, etc. Douglas Adams.
250 ## - EDITION STATEMENT
Edition statement 1st Ballantine Books ed.
260 ## - PUBLICATION, DISTRIBUTION, ETC.
Place of publication, distribution, etc. New York :
Name of publisher, distributor, etc. Ballantine Books,
Date of publication, distribution, etc. 1999, c1984.
300 ## - PHYSICAL DESCRIPTION
Extent 214 p. ;
Dimensions 18 cm.
500 ## - GENERAL NOTE
General note "Originally published by Harmony Books, a division of Crown publishers, Inc., in 1984"--T.p. verso.
600 10 - SUBJECT ADDED ENTRY--PERSONAL NAME
Personal name Dent, Arthur
Titles and other words associated with a name (Fictitious character)
Form subdivision Fiction.
9 (RLIN) 11577
600 10 - SUBJECT ADDED ENTRY--PERSONAL NAME
Personal name Prefect, Ford
Form subdivision Fiction.
9 (RLIN) 11578
650 #0 - SUBJECT ADDED ENTRY--TOPICAL TERM
Topical term or geographic name entry element Interplanetary voyages
Form subdivision Fiction.
9 (RLIN) 11579
655 #7 - INDEX TERM--GENRE/FORM
Genre/form data or focus term Science fiction.
Source of term gsafd
710 2# - ADDED ENTRY--CORPORATE NAME
Corporate name or jurisdiction name as entry element Copyright Paperback Collection (Library of Congress)
Institution to which field applies DLC
906 ## - LOCAL DATA ELEMENT F, LDF (RLIN)
a 7
b cbc
c copycat
d 2
e ncip
f 19
g y-genrareb
942 ## - ADDED ENTRY ELEMENTS (KOHA)
Source of classification or shelving scheme
Koha item type Book
Holdings
Withdrawn status Lost status Source of classification or shelving scheme Damaged status Not for loan Permanent Location Current Location Shelving location Date acquired Total Checkouts Total Renewals Full call number Barcode Date last seen Date last checked out Copy number Price effective from Koha item type
          Central Library (CL) Central Library (CL) Fiction 07/11/2018 3 2 823.914 ADA CL191 02/20/2025 02/09/2025 1 07/11/2018 Book
© 2023 Central Library, National University of Sciences and Technology. All Rights Reserved.